000 00540nam a2200169 4500
001 113903
003 ES-MaACL
007 t|
008 061121s1905 fr r ||||1| fre d
100 1 _aNordau, Max.
_985961
245 1 4 _aLes mensonges conventionnels de notre civilisation /
_cpar Max Nordau ; traduit sur la treixième édition allemande par Auguste Dietrich.
250 _a4ª. ed.
260 _aParis :
_bCoulommiers,
_c1905.
300 _aX, 354 p. ;
_c23 cm.
700 1 _aDietrich, Auguste.
_944621
852 _aES-MaACL
_jB-6890
999 _c113903
_d113903